[Event "Sparkassen-Open A"]
[Site "Heusenstamm, Martinsee"]
[Date "2025.11.21"]
[Round "2.89"]
[White "Schulze, Manfred"]
[Black "Blomer, Moritz"]
[Result "1-0"]
[WhiteElo "1844"]
[BlackElo "1962"]
[PlyCount "119"]
[EventDate "2025.11.20"]
[WhiteTeam "SC Steinbach"]
[BlackTeam "SG Porz e. V."]

1. d4 Nf6 2. Nf3 g6 3. Bf4 Bg7 4. Nbd2 O-O 5. h3 d6 6. e3 Nfd7 7. Bc4 e5 8. dxe5 dxe5 9. Bg5 Qe8 10. e4 Nb6 11. Bd3 Be6 12. Qe2 f6 13. Bh4 Qf7 14. g4 N8d7 15. Qe3 Nc4 16. Bxc4 Bxc4 17. b3 Be6 18. O-O-O a5 19. a3 c5 20. Nc4 Bxc4 21. bxc4 Nb6 22. Qb3 Nxc4 23. Rd5 b5 24. Qxb5 Bh6+ 25. Kd1 Rab8 26. Qxc4 Rb1+ 27. Ke2 Rxh1 28. Qxc5 Rxh3 29. Qc6 g5 30. Rd7 Qe8 31. Qd5+ Kh8 32. Bg3 Qc8 33. c4 Bg7 34. Ng1 Rh6 35. Kf1 Rg6 36. Ne2 Bh6 37. c5 Rg7 38. Rd6 Qxg4 39. c6 Qf3 40. Rd7 Qg4 41. Rd6 Rgf7 42. Nc3 Bg7 43. Nd1 h5 44. Ne3 Qh3+ 45. Kg1 h4 46. Bh2 Qc8 47. Nf5 Qc7 48. Qd1 Rb8 49. Qh5+ Kg8 50. Qd1 Bf8 51. Re6 Qc8 52. Qd5 Qa6 53. Rxf6 Rb1+ 54. Kg2 Qf1+ 55. Kf3 Qh3+ 56. Ng3 g4+ 57. Ke2 hxg3 58. Qxf7+ Kh8 59. Qxf8+ Kh7 60. Qe7+ 1-0

[Event "Sparkassen-Open A"]
[Site "Heusenstamm, Martinsee"]
[Date "2025.11.21"]
[Round "2.90"]
[White "Stumpf, Daniel"]
[Black "Berberich, Christoph"]
[Result "1/2-1/2"]
[WhiteElo "1960"]
[BlackElo "1839"]
[PlyCount "110"]
[EventDate "2025.11.20"]
[WhiteTeam "SC Schwarz-Weiß Lichtenrade e.V."]
[BlackTeam "SK Freiburg-Zähringen 1887 e.V."]

1. c4 Nf6 2. Nc3 c5 3. g3 g6 4. Bg2 Bg7 5. d3 O-O 6. a3 Nc6 7. Rb1 a5 8. Nf3 d5 9. cxd5 Nxd5 10. Nxd5 Qxd5 11. O-O Qd6 12. Ng5 e5 13. Ne4 Qe7 14. Be3 Nd4 15. Rc1 Bg4 16. f3 Bf5 17. Nxc5 Rac8 18. Bxd4 exd4 19. Ne4 Rxc1 20. Qxc1 Rc8 21. Qd2 Bxe4 22. dxe4 Qc5 23. Rd1 Qc2 24. f4 Bf8 25. e5 b5 26. Kf2 b4 27. axb4 Bxb4 28. Qxc2 Rxc2 29. b3 Bd2 30. Bd5 Kg7 31. Kf3 Bc3 32. Rd3 Rc1 33. h3 h5 34. g4 hxg4+ 35. hxg4 Rf1+ 36. Ke4 Re1 37. Kf3 Rf1+ 38. Ke4 Re1 39. e3 Rxe3+ 40. Rxe3 dxe3 41. Kxe3 g5 42. Kd3 Bb2 43. Ke4 gxf4 44. Kxf4 Bc3 45. Kf5 Bb2 46. Be4 Bc3 47. Bd3 Bb2 48. Ke4 Bc3 49. Kd5 Bb2 50. Kd6 Bc3 51. g5 Kf8 52. Bf5 Bd2 53. g6 Bb4+ 54. Kd7 fxg6 55. Bxg6 Ba3 1/2-1/2

[Event "Sparkassen-Open A"]
[Site "Heusenstamm, Martinsee"]
[Date "2025.11.21"]
[Round "2.91"]
[White "Liu, Jonas"]
[Black "Kürschner, Matthias"]
[Result "0-1"]
[WhiteElo "1836"]
[BlackElo "1939"]
[PlyCount "114"]
[EventDate "2025.11.20"]
[WhiteTeam "SV Oberursel"]
[BlackTeam "SK Langen"]

1. e4 c5 2. Nf3 Nc6 3. d4 cxd4 4. Nxd4 g6 5. c4 Nf6 6. Nc3 Nxd4 7. Qxd4 d6 8. f3 Bg7 9. Be3 O-O 10. Qd2 a5 11. b3 a4 12. bxa4 Qa5 13. Rb1 Nd7 14. Nd5 Re8 15. Rb4 e6 16. Nb6 Nxb6 17. Bxb6 Qe5 18. Bd3 Qa1+ 19. Rb1 Qc3 20. a5 Bd7 21. Rc1 Qxd2+ 22. Kxd2 Bh6+ 23. Be3 Bxe3+ 24. Kxe3 Rxa5 25. Rc2 Rea8 26. Rb1 Bc6 27. Rbb2 Ra3 28. Ke2 Kf8 29. Rd2 Ke7 30. Bb1 Rc3 31. Rdc2 Raa3 32. Rxc3 Rxc3 33. Rc2 Ra3 34. Rb2 Kf6 35. Rd2 Ke5 36. g3 g5 37. Kf2 Rc3 38. Bd3 Kd4 39. Bf1+ Ke5 40. Be2 b6 41. Kg2 Ra3 42. Bd1 Rc3 43. Bb3 f5 44. exf5 Rxf3 45. Kg1 Rxf5 46. c5 d5 47. Bc2 Rf6 48. Bb3 Ke4 49. Bc2+ Ke3 50. Rd1 Ke2 51. a4 e5 52. Bb3 Rf3 53. Rb1 Rc3 54. Rb2+ Kd3 55. Kf1 Rc1+ 56. Kf2 e4 57. Re2 d4 0-1

[Event "Sparkassen-Open A"]
[Site "Heusenstamm, Martinsee"]
[Date "2025.11.21"]
[Round "2.92"]
[White "Shanawaz Thabrez, Shahzaib"]
[Black "Diehl, Stefan"]
[Result "1-0"]
[WhiteElo "1945"]
[BlackElo "1832"]
[PlyCount "129"]
[EventDate "2025.11.20"]
[WhiteTeam "SK Langen"]
[BlackTeam "SC 1910 Höchst"]

1. e4 c6 2. Nf3 d5 3. Nc3 Bg4 4. h3 Bxf3 5. Qxf3 d4 6. Ne2 e5 7. Ng3 Nf6 8. a4 Nbd7 9. Bc4 Qb6 10. O-O a5 11. c3 Bc5 12. Rb1 O-O 13. Ba2 Qc7 14. d3 b5 15. axb5 cxb5 16. Nf5 g6 17. Nh6+ Kg7 18. Qg3 Nh5 19. Qf3 Ndf6 20. cxd4 Bxd4 21. g3 Ra7 22. Kg2 Qd6 23. Ng4 Rc8 24. Bh6+ Kg8 25. Bg5 Kg7 26. Rfc1 Rac7 27. Bd2 b4 28. Bc4 a4 29. Qd1 a3 30. bxa3 bxa3 31. Qb3 Bb2 32. Rd1 Ra7 33. Qa2 Rb8 34. Ne3 Bd4 35. Rxb8 Qxb8 36. Rb1 Qd6 37. Bb4 Bc5 38. Bxc5 Qxc5 39. Nc2 Ne8 40. Rb5 Qe7 41. Rb3 f5 42. Rxa3 Rxa3 43. Qxa3 Qxa3 44. Nxa3 fxe4 45. dxe4 Nd6 46. Kf3 Nxc4 47. Nxc4 Kf6 48. Nb6 Ke6 49. Nd5 Ng7 50. Kg4 h6 51. f4 Ne8 52. Ne3 Nf6+ 53. Kf3 exf4 54. gxf4 Nh7 55. Nd5 g5 56. f5+ Ke5 57. Ne7 h5 58. Ng6+ Kf6 59. Kg3 Kf7 60. e5 Nf8 61. Nxf8 Kxf8 62. Kf3 Ke7 63. Ke4 Kd7 64. Kd5 h4 65. Ke4 1-0

[Event "Sparkassen-Open A"]
[Site "Heusenstamm, Martinsee"]
[Date "2025.11.21"]
[Round "2.93"]
[White "Sasikumar Anitha, Sarvesh"]
[Black "Meyer-Jany, Marcel"]
[Result "1/2-1/2"]
[WhiteElo "1924"]
[BlackElo "1826"]
[PlyCount "137"]
[EventDate "2025.11.20"]
[WhiteTeam "SK 1858 Gießen"]
[BlackTeam "SC Mattmeister Karben 1998 e.V."]

1. e4 c6 2. d4 d5 3. Nc3 dxe4 4. Nxe4 Bf5 5. Ng3 Bg6 6. h4 h6 7. Nf3 Nd7 8. h5 Bh7 9. Bd3 Bxd3 10. Qxd3 e6 11. Bd2 Ngf6 12. O-O-O Qc7 13. Ne4 O-O-O 14. Kb1 Nxe4 15. Qxe4 Bd6 16. Qe2 Rhe8 17. Rde1 e5 18. dxe5 Nxe5 19. Bc3 Nxf3 20. Qxf3 f6 21. a3 Be5 22. Qf5+ Qd7 23. Qxd7+ Kxd7 24. Bxe5 fxe5 25. Rh4 Rf8 26. f3 Rf5 27. Rg4 Rg8 28. Rh1 Ke6 29. Kc1 Rf4 30. Rg6+ Rf6 31. Rg3 g5 32. hxg6 Rgxg6 33. Rxg6 Rxg6 34. g4 Rf6 35. Rh3 Kd5 36. Kd2 e4 37. Rh5+ Ke6 38. fxe4 Rg6 39. Ke3 Rxg4 40. Rxh6+ Kd7 41. Rh7+ Kc8 42. e5 Rg2 43. Kf3 Rxc2 44. e6 Rd2 45. Kf4 a5 46. Ke5 Rxb2 47. Rh8+ Kc7 48. e7 Re2+ 49. Kf6 Kb6 50. e8=Q Rxe8 51. Rxe8 Kb5 52. Rb8 b6 53. Ke5 Kc5 54. a4 b5 55. axb5 cxb5 56. Rc8+ Kb4 57. Kd4 a4 58. Rc1 Ka3 59. Rb1 b4 60. Kc4 b3 61. Kc3 Ka2 62. Rb2+ Ka3 63. Rb1 Ka2 64. Re1 a3 65. Re2+ b2 66. Kb4 Ka1 67. Re1+ b1=Q+ 68. Rxb1+ Kxb1 69. Kxa3 1/2-1/2

[Event "Sparkassen-Open A"]
[Site "Heusenstamm, Martinsee"]
[Date "2025.11.21"]
[Round "2.94"]
[White "Reinhard, Ralf-Peter"]
[Black "Trumpp, Lothar"]
[Result "1-0"]
[WhiteElo "1830"]
[BlackElo "1938"]
[PlyCount "117"]
[EventDate "2025.11.20"]
[WhiteTeam "SC Chessence 64 e. V."]
[BlackTeam "VSG 1880 Offenbach"]

1. d4 Nf6 2. Nf3 b6 3. e3 Bb7 4. Bd3 Ne4 5. c4 e6 6. O-O d6 7. Qc2 f5 8. Nc3 Nxc3 9. Qxc3 Qf6 10. Ne1 Nd7 11. b4 Be7 12. Bb2 c5 13. bxc5 dxc5 14. d5 exd5 15. Qxf6 Nxf6 16. cxd5 Bc8 17. Rd1 Bd6 18. f3 O-O 19. Nc2 a6 20. e4 fxe4 21. fxe4 Ng4 22. Rxf8+ Kxf8 23. h3 Ne5 24. Be2 Bd7 25. Ne3 g6 26. Nc4 Nxc4 27. Bxc4 b5 28. Be2 Re8 29. Bd3 Be5 30. Rf1+ Kg7 31. Bc1 Bd4+ 32. Kh2 c4 33. Bc2 Be5+ 34. Kg1 h6 35. Be3 g5 36. g4 Rh8 37. Bd1 Rc8 38. Bc2 b4 39. Rb1 a5 40. Bb6 Ra8 41. Kf2 Bc3 42. Bc5 h5 43. Ke3 hxg4 44. hxg4 Rc8 45. Bd4+ Bxd4+ 46. Kxd4 a4 47. Rxb4 Bxg4 48. Rxc4 Rxc4+ 49. Kxc4 Be2+ 50. Kd4 a3 51. e5 g4 52. d6 Kf7 53. Bg6+ Ke6 54. Bf5+ Kf7 55. Bd7 g3 56. e6+ Kf6 57. Ke3 Bg4 58. Be8 Bxe6 59. d7 1-0

[Event "Sparkassen-Open A"]
[Site "Heusenstamm, Martinsee"]
[Date "2025.11.21"]
[Round "2.95"]
[White "Rose, Torsten"]
[Black "Moors, Christoph"]
[Result "1-0"]
[WhiteElo "1818"]
[BlackElo "1908"]
[PlyCount "95"]
[EventDate "2025.11.20"]
[WhiteTeam "SV Königsjäger Süd-West e.V."]
[BlackTeam "SC Erkrath 1973"]

1. d4 Nf6 2. c4 e6 3. Nc3 d5 4. cxd5 exd5 5. Bg5 c6 6. e3 h6 7. Bf4 Bf5 8. Bd3 Bxd3 9. Qxd3 Nbd7 10. h3 Be7 11. Nf3 O-O 12. O-O Re8 13. Rac1 Nf8 14. Ne5 Ne6 15. Bh2 Bd6 16. f4 Qe7 17. a3 Rad8 18. Qf5 c5 19. Rcd1 a6 20. g4 g6 21. Qd3 cxd4 22. exd4 Nxd4 23. Kh1 Nc6 24. Nxc6 bxc6 25. Qxa6 Qc7 26. Qd3 Ne4 27. Rc1 Qb6 28. Rc2 Nxc3 29. Qxc3 c5 30. Bg1 d4 31. Qf3 Re7 32. f5 g5 33. Re2 Rde8 34. Rfe1 Rxe2 35. Rxe2 Rxe2 36. Qxe2 Qb7+ 37. Qg2 Qe7 38. Qd5 Qe5 39. Qxe5 Bxe5 40. Kg2 Kf8 41. Kf3 Ke7 42. Ke4 Kd6 43. b4 f6 44. bxc5+ Kxc5 45. Kd3 Kd5 46. a4 Kc5 47. a5 Kb5 48. Bxd4 1-0

[Event "Sparkassen-Open A"]
[Site "Heusenstamm, Martinsee"]
[Date "2025.11.21"]
[Round "2.96"]
[White "Hessler Carbonell, Louis"]
[Black "Janknecht, Eckart"]
[Result "1-0"]
[WhiteElo "1936"]
[BlackElo "1823"]
[PlyCount "61"]
[EventDate "2025.11.20"]
[WhiteTeam "SK Marburg 1931/72"]
[BlackTeam "Kölner SK Dr. Lasker 186"]

1. d4 d5 2. Nf3 Nc6 3. c4 e5 4. dxe5 d4 5. g3 Bg4 6. Bg2 Nge7 7. O-O Ng6 8. Bg5 Qd7 9. Qa4 Ngxe5 10. Nbd2 f6 11. Bf4 Ng6 12. Nb3 Nxf4 13. gxf4 Bd6 14. Rad1 Bh3 15. Bxh3 Qxh3 16. Nbxd4 O-O 17. Nxc6 bxc6 18. Qxc6 Bxf4 19. Qd5+ Kh8 20. Rd4 g5 21. Qd7 f5 22. Rfd1 Rg8 23. Qe7 Raf8 24. Kh1 Bd6 25. Rxd6 cxd6 26. Nxg5 Qh5 27. f4 Re8 28. Nf7+ Kg7 29. Rg1+ Qg6 30. Rxg6+ hxg6 31. Qxa7 1-0

[Event "Sparkassen-Open A"]
[Site "Heusenstamm, Martinsee"]
[Date "2025.11.21"]
[Round "2.97"]
[White "Stuhlmann, Florian"]
[Black "Börsch, Dieter"]
[Result "1/2-1/2"]
[WhiteElo "1933"]
[BlackElo "1816"]
[PlyCount "50"]
[EventDate "2025.11.20"]
[WhiteTeam "SC Königsflügel Lindenholzhausen"]
[BlackTeam "SK Bad Homburg 1927"]

1. d4 Nf6 2. c4 e6 3. Nc3 Bb4 4. Qc2 O-O 5. Nf3 d5 6. cxd5 exd5 7. Bg5 h6 8. Bh4 Nc6 9. e3 Re8 10. Be2 Bg4 11. O-O Bxc3 12. bxc3 Qd6 13. Rab1 Rab8 14. Bg3 Qe7 15. h3 Bh5 16. Rb2 Ne4 17. Bh2 Nd6 18. Rfb1 Bg6 19. Bd3 Bxd3 20. Qxd3 b6 21. Nd2 Rbd8 22. Bxd6 Rxd6 23. c4 Na5 24. cxd5 Rxd5 25. e4 Rd7 1/2-1/2

[Event "Sparkassen-Open A"]
[Site "Heusenstamm, Martinsee"]
[Date "2025.11.21"]
[Round "2.98"]
[White "Fröhlich-Dill, Astrid"]
[Black "Bernhart, Joseph"]
[Result "1-0"]
[WhiteElo "1815"]
[BlackElo "1932"]
[PlyCount "153"]
[EventDate "2025.11.20"]
[WhiteTeam "SV 1920 Hofheim"]
[BlackTeam "SK Kaiserslautern 1905"]

1. d4 d6 2. e4 Nd7 3. Nf3 e5 4. c3 Ngf6 5. Bd3 Be7 6. O-O O-O 7. h3 c6 8. Be3 Qc7 9. Nbd2 Re8 10. b4 Bf8 11. Qb3 h6 12. a4 g6 13. a5 Bg7 14. Bc4 Nf8 15. b5 cxb5 16. Bxb5 Bd7 17. Bxd7 N8xd7 18. d5 Reb8 19. Rfb1 Nc5 20. Bxc5 Qxc5 21. Qb4 Qc7 22. Ne1 Nd7 23. Nd3 b6 24. a6 Rc8 25. c4 f5 26. f3 Bf6 27. Nb2 Bg5 28. Nf1 fxe4 29. fxe4 Rf8 30. Nd3 Rac8 31. Ra4 Rf7 32. Qb5 h5 33. Re1 Bh4 34. Rc1 Nf6 35. g3 Bg5 36. Re1 Rcf8 37. Qc6 Qe7 38. c5 bxc5 39. Rb1 Qd7 40. Rb7 Qxh3 41. Rxf7 Rxf7 42. Nf2 Qd7 43. Qxd7 Nxd7 44. Kg2 Nb6 45. Ra1 c4 46. Nd1 Kf8 47. Nc3 Bd8 48. Nb5 Rd7 49. Ne3 Bg5 50. Kf3 Bxe3 51. Kxe3 Ke7 52. Rb1 Nc8 53. Rb4 Kd8 54. Rxc4 Nb6 55. Rc6 Na4 56. Nxd6 Ke7 57. Nb5 Kf7 58. Rc8 Nb6 59. Rc6 Na4 60. Kd3 g5 61. Rh6 h4 62. gxh4 g4 63. Nd6+ Kg7 64. Nf5+ Kg8 65. Rg6+ Kf8 66. Rxg4 Nc5+ 67. Kc4 Nxa6 68. Kb5 Nb8 69. h5 Rh7 70. h6 Rd7 71. Rg6 Rb7+ 72. Ka5 Rd7 73. Rg7 Rxg7 74. Nxg7 Nd7 75. Ne6+ Kg8 76. Ka6 Nf6 77. Ng5 1-0

[Event "Sparkassen-Open A"]
[Site "Heusenstamm, Martinsee"]
[Date "2025.11.21"]
[Round "2.99"]
[White "Nguyen, Minh An"]
[Black "Spiegelberg, Silvia"]
[Result "0-1"]
[WhiteElo "1768"]
[BlackElo "1929"]
[PlyCount "78"]
[EventDate "2025.11.20"]
[WhiteTeam "SV 1920 Hofheim"]
[BlackTeam "SF Sasbach e.V."]

1. d4 Nf6 2. Bf4 d5 3. e3 e6 4. c3 c5 5. Nf3 Nc6 6. Nbd2 Bd6 7. Bg3 O-O 8. Bd3 Re8 9. Ne5 Bxe5 10. dxe5 Nd7 11. Nf3 a6 12. h4 h6 13. Qe2 b5 14. Rd1 Bb7 15. Bb1 Ne7 16. Ng1 Qb6 17. f4 b4 18. Nf3 a5 19. h5 Ba6 20. Qd2 bxc3 21. bxc3 Rab8 22. Bh4 Qb2 23. Kf2 Qa3 24. Qc1 Qxc1 25. Rxc1 Nc6 26. g4 Rb2+ 27. Kg3 Bc4 28. Rh2 Rc8 29. Nd2 Bxa2 30. Bxa2 Rxa2 31. e4 d4 32. Nc4 Ra4 33. Nb2 Ra3 34. Nc4 Rxc3+ 35. Rxc3 dxc3 36. Rc2 Nd4 37. Rf2 c2 38. Rf1 c1=Q 39. Rxc1 Ne2+ 0-1

[Event "Sparkassen-Open A"]
[Site "Heusenstamm, Martinsee"]
[Date "2025.11.21"]
[Round "2.100"]
[White "Mehlen, Theodor"]
[Black "Kalepky, Helmut"]
[Result "1/2-1/2"]
[WhiteElo "1807"]
[BlackElo "1927"]
[PlyCount "73"]
[EventDate "2025.11.20"]
[WhiteTeam "SC Matt im Park Ffm"]
[BlackTeam "Sfr.Heidesheim"]

1. e4 c5 2. Nf3 e6 3. d4 cxd4 4. Nxd4 Nc6 5. Nc3 Bc5 6. Nb3 Bb6 7. Qe2 Nge7 8. Be3 a6 9. g3 Bxe3 10. Qxe3 Qc7 11. Bg2 Rb8 12. O-O O-O 13. Rad1 b5 14. Rfe1 d6 15. f4 Rd8 16. Re2 Na5 17. Nxa5 Qxa5 18. a3 Qc7 19. Red2 Rb6 20. Ne2 Bd7 21. Nd4 Nc6 22. Nxc6 Rxc6 23. c3 Be8 24. f5 Qb6 25. Qxb6 Rxb6 26. g4 Kf8 27. fxe6 fxe6 28. g5 Bh5 29. Rf1+ Ke7 30. Bf3 Bxf3 31. Rxf3 Rbb8 32. Kg2 Rf8 33. Rdf2 Rxf3 34. Rxf3 Rf8 35. Rxf8 Kxf8 36. Kg3 Ke7 37. Kf4 1/2-1/2

[Event "Sparkassen-Open A"]
[Site "Heusenstamm, Martinsee"]
[Date "2025.11.21"]
[Round "2.101"]
[White "Kürschner, Liam"]
[Black "Michalski, Uwe"]
[Result "1/2-1/2"]
[WhiteElo "1921"]
[BlackElo "1800"]
[PlyCount "66"]
[EventDate "2025.11.20"]
[WhiteTeam "SK Langen"]
[BlackTeam "Sfr.Mainz 1928"]

1. c4 e5 2. g3 d6 3. Nc3 c6 4. Bg2 f5 5. d3 Nf6 6. Nf3 Be7 7. O-O O-O 8. Rb1 h6 9. b4 g5 10. b5 f4 11. Qb3 c5 12. Nd2 Nbd7 13. Bb2 Rf7 14. Nd5 Rg7 15. Ra1 Rb8 16. Qa3 Ra8 17. Bc3 Nxd5 18. Bxd5+ Kh8 19. Rab1 Nf6 20. Bg2 Qe8 21. Rfe1 Qh5 22. Ba5 Ng4 23. Nf1 Rf7 24. f3 Nf6 25. g4 Qg6 26. h3 h5 27. Bb6 hxg4 28. fxg4 Qh6 29. Bxa7 Qh4 30. Nh2 Rh7 31. Rf1 Bxg4 32. Nxg4 Nxg4 33. hxg4 Qh2+ 1/2-1/2

[Event "Sparkassen-Open A"]
[Site "Heusenstamm, Martinsee"]
[Date "2025.11.21"]
[Round "3.1"]
[White "Podat, Vladimir"]
[Black "Poetsch, Hagen"]
[Result "1/2-1/2"]
[WhiteElo "2278"]
[BlackElo "2456"]
[PlyCount "26"]
[EventDate "2025.11.20"]
[WhiteTeam "SC Untergrombach 46"]
[BlackTeam "SC Heusenstamm"]

1. d4 Nf6 2. Nf3 d5 3. c4 e6 4. e3 Be7 5. Nc3 O-O 6. Bd3 c5 7. dxc5 Bxc5 8. a3 Nc6 9. O-O a6 10. b4 Ba7 11. Bb2 Qe7 12. Qe2 dxc4 13. Bxc4 b5 1/2-1/2

[Event "Sparkassen-Open A"]
[Site "Heusenstamm, Martinsee"]
[Date "2025.11.21"]
[Round "3.2"]
[White "Bagrationi, Alexander"]
[Black "Bentel, Robin"]
[Result "1-0"]
[WhiteElo "2415"]
[BlackElo "2243"]
[PlyCount "49"]
[EventDate "2025.11.20"]
[WhiteTeam "SV Hemer 1932 e. V."]
[BlackTeam "Schachfreunde Lieme e. V."]

1. e4 c5 2. Nc3 d6 3. f4 Nc6 4. Nf3 g6 5. Bb5 Bg7 6. O-O e6 7. Bxc6+ bxc6 8. d3 Ne7 9. e5 Nf5 10. Ne4 h5 11. exd6 Nxd6 12. Nxc5 Qb6 13. d4 Ba6 14. Re1 Nf5 15. Ne5 Rd8 16. c3 Bf8 17. b4 h4 18. Qf3 Rd5 19. Be3 Bg7 20. a4 Bxe5 21. fxe5 Rxc5 22. dxc5 Qc7 23. Qe4 h3 24. g4 Nh4 25. Rad1 1-0

[Event "Sparkassen-Open A"]
[Site "Heusenstamm, Martinsee"]
[Date "2025.11.21"]
[Round "3.3"]
[White "Baranyai-Molnar, Adam"]
[Black "Karsay, Pascal"]
[Result "1/2-1/2"]
[WhiteElo "2227"]
[BlackElo "2401"]
[PlyCount "28"]
[EventDate "2025.11.20"]
[WhiteTeam "SF Neuberg"]
[BlackTeam "SV Worms 1878"]

1. e4 e5 2. Nf3 Nc6 3. Bc4 Nf6 4. Ng5 d5 5. exd5 Na5 6. Bb5+ c6 7. dxc6 bxc6 8. Qf3 cxb5 9. Qxa8 Qc7 10. Qf3 Nc6 11. c3 Bg4 12. Qg3 Nd4 13. Na3 Ne2 14. Qd3 Bxa3 1/2-1/2

[Event "Sparkassen-Open A"]
[Site "Heusenstamm, Martinsee"]
[Date "2025.11.21"]
[Round "3.4"]
[White "Hacker, Jonas"]
[Black "Hoppstädter, Daniel"]
[Result "0-1"]
[WhiteElo "2352"]
[BlackElo "2214"]
[PlyCount "82"]
[EventDate "2025.11.20"]
[WhiteTeam "SC Eppingen"]
[BlackTeam "SV 1926 Riegelsberg"]

1. d4 d5 2. c4 c6 3. Nc3 Nf6 4. e3 e6 5. Nf3 Nbd7 6. Be2 Bd6 7. O-O O-O 8. b3 b6 9. Bb2 Bb7 10. Bd3 Qe7 11. Re1 Rfd8 12. e4 dxe4 13. Bxe4 Nxe4 14. Nxe4 Bf4 15. c5 f5 16. Ned2 bxc5 17. Qc2 cxd4 18. Nxd4 Nf8 19. N2f3 Qf7 20. Qc4 c5 21. Qxc5 Be4 22. Ne2 Rac8 23. Qb5 Bb8 24. Ng5 Qh5 25. Nxe4 Qxh2+ 26. Kf1 fxe4 27. Qb7 Rc7 28. Qxe4 Rf7 29. Ng1 Bg3 30. Re2 Qh1 31. Be5 Bxe5 32. Qxe5 Ng6 33. Qg5 Rd5 34. Qg4 Nf4 35. Rc2 h6 36. Qf3 Rg5 37. g3 Qh2 38. Rd1 Rf8 39. Rc7 Nd5 40. Qxf8+ Kxf8 41. Rxa7 Ne3+ 0-1

[Event "Sparkassen-Open A"]
[Site "Heusenstamm, Martinsee"]
[Date "2025.11.21"]
[Round "3.5"]
[White "Schmitzer, Klaus"]
[Black "Smith, Bryan"]
[Result "0-1"]
[WhiteElo "2230"]
[BlackElo "2365"]
[PlyCount "114"]
[EventDate "2025.11.20"]
[WhiteTeam "SK Münster 32 e. V."]
[BlackTeam "TSV Schönaich"]

1. e4 c5 2. Nf3 d6 3. d4 cxd4 4. Nxd4 Nf6 5. Nc3 Nc6 6. Bg5 Bd7 7. Qd2 a6 8. f3 e6 9. O-O-O Nxd4 10. Qxd4 Be7 11. Kb1 Qc7 12. h4 Rc8 13. h5 h6 14. Be3 b5 15. Bd3 O-O 16. g4 b4 17. Ne2 Bb5 18. Qa7 Qxa7 19. Bxa7 d5 20. e5 Nd7 21. Bd4 Rc7 22. Rd2 Rb8 23. f4 Nc5 24. Bxc5 Bxc5 25. Rh3 a5 26. Bxb5 Rxb5 27. c3 Bb6 28. Rc2 Rbc5 29. b3 a4 30. Rc1 axb3 31. axb3 Ba5 32. cxb4 Rxc1+ 33. Nxc1 Bxb4 34. Rd3 Kf8 35. Na2 Be1 36. Rd4 Bf2 37. Rd3 Be1 38. Kb2 Ke7 39. f5 Rb7 40. Rf3 Bh4 41. Rd3 Bg5 42. Rf3 Rb5 43. Kc3 f6 44. fxe6 fxe5 45. Rf7+ Kxe6 46. Rxg7 e4 47. Rg6+ Ke5 48. Nb4 Rc5+ 49. Kb2 Kf4 50. Rd6 d4 51. Kb1 Ke5 52. Rg6 d3 53. Nc6+ Kf4 54. Rd6 Kxg4 55. b4 Rc1+ 56. Kb2 d2 57. Ne5+ Kf5 0-1

[Event "Sparkassen-Open A"]
[Site "Heusenstamm, Martinsee"]
[Date "2025.11.21"]
[Round "3.6"]
[White "Mastiuk, Ivan"]
[Black "Musiienko, Tymur"]
[Result "1/2-1/2"]
[WhiteElo "1828"]
[BlackElo "2193"]
[PlyCount "122"]
[EventDate "2025.11.20"]
[WhiteTeam "SK 1858 Gießen"]
[BlackTeam "Wiesbadener SV 1885"]

1. d4 d5 2. c4 e6 3. Nc3 Nf6 4. Nf3 a6 5. Bg5 dxc4 6. e4 b5 7. e5 h6 8. Bh4 g5 9. Nxg5 hxg5 10. Bxg5 Nbd7 11. Be2 Bb7 12. Bf3 Bxf3 13. Qxf3 Be7 14. exf6 Bxf6 15. Bxf6 Nxf6 16. Qc6+ Kf8 17. O-O-O Kg7 18. h4 Qd6 19. Qf3 Rad8 20. h5 Qe7 21. h6+ Kh7 22. d5 Rhg8 23. dxe6 Rxd1+ 24. Qxd1 Qxe6 25. Re1 Qg4 26. Qxg4 Nxg4 27. Re7 Nxh6 28. g3 Kg7 29. Rxc7 Ng4 30. f4 Rh8 31. Ne4 Rh2 32. b3 Ne3 33. bxc4 Nxc4 34. a4 Rh1+ 35. Kc2 Ne3+ 36. Kd2 Nc4+ 37. Ke2 Ra1 38. axb5 axb5 39. Rb7 Ra3 40. Kf2 Ra2+ 41. Kg1 Ra1+ 42. Kg2 Ra2+ 43. Kh3 Ra5 44. Kh4 Kf8 45. g4 Ra4 46. Kg5 Ne3 47. Nf6 Ng2 48. f5 Nf4 49. Rxb5 Kg7 50. Ne8+ Kf8 51. Rb8 Ke7 52. f6+ Kd7 53. Ng7 Nd5 54. Rf8 Ne3 55. Rxf7+ Kc6 56. Re7 Rxg4+ 57. Kh5 Rf4 58. Kg6 Nd5 59. Re6+ Kd7 60. f7 Ne7+ 61. Kh6 Rxf7 1/2-1/2

[Event "Sparkassen-Open A"]
[Site "Heusenstamm, Martinsee"]
[Date "2025.11.21"]
[Round "3.8"]
[White "Schwarz, David"]
[Black "Stork, Oliver"]
[Result "0-1"]
[WhiteElo "2123"]
[BlackElo "2347"]
[PlyCount "40"]
[EventDate "2025.11.20"]
[WhiteTeam "SF Birkenfeld"]
[BlackTeam "Klub Kölner SF e. V."]

1. d4 Nf6 2. Nf3 e6 3. Bf4 d5 4. e3 c5 5. Nbd2 Nc6 6. c3 Be7 7. h4 Bd6 8. Ne5 Qc7 9. Ndf3 Ne4 10. Bd3 cxd4 11. cxd4 f6 12. Nxc6 Bxf4 13. exf4 bxc6 14. Qc2 Rb8 15. g3 Ba6 16. Bxa6 Qa5+ 17. Nd2 Nxd2 18. Qxc6+ Ke7 19. O-O-O Ne4 20. f3 Nd6 0-1

[Event "Sparkassen-Open A"]
[Site "Heusenstamm, Martinsee"]
[Date "2025.11.21"]
[Round "3.9"]
[White "Sydykov, Bayastan"]
[Black "Kersten, Uwe"]
[Result "1/2-1/2"]
[WhiteElo "2354"]
[BlackElo "2178"]
[PlyCount "34"]
[EventDate "2025.11.20"]
[WhiteTeam "SC Viernheim 1934 e.V."]
[BlackTeam "Kasseler SK 1876"]

1. d4 Nf6 2. Nf3 e6 3. Bf4 c5 4. e3 cxd4 5. exd4 b6 6. a4 Ba6 7. Bb5 Bb7 8. h3 Be7 9. O-O O-O 10. Re1 d6 11. Nbd2 Na6 12. c3 Nc7 13. Bd3 a6 14. Qe2 Qd7 15. Nc4 Nfd5 16. Bg3 Rab8 17. Nfd2 b5 1/2-1/2

[Event "Sparkassen-Open A"]
[Site "Heusenstamm, Martinsee"]
[Date "2025.11.21"]
[Round "3.10"]
[White "Förster, Erik"]
[Black "Chassard, Cedric"]
[Result "0-1"]
[WhiteElo "2167"]
[BlackElo "2276"]
[PlyCount "82"]
[EventDate "2025.11.20"]
[WhiteTeam "Sfr.Heidesheim"]
[BlackTeam "TSV Schott Mainz"]

1. d4 Nf6 2. c4 e6 3. Nf3 d5 4. g3 Bb4+ 5. Nc3 O-O 6. Bg2 dxc4 7. O-O Nc6 8. a3 Be7 9. e4 a6 10. Be3 b5 11. d5 Na5 12. Qc2 exd5 13. Rad1 c6 14. exd5 Nxd5 15. Nxd5 cxd5 16. Ng5 Bxg5 17. Bxd5 Bh3 18. Bg2 Qe8 19. Bxg5 Bxg2 20. Kxg2 Qc6+ 21. Kg1 Nb3 22. Qf5 f6 23. Be3 Rad8 24. h4 Rfe8 25. h5 Rxd1 26. Rxd1 Qe6 27. Qxe6+ Rxe6 28. Rd7 h6 29. Kg2 Re5 30. g4 f5 31. Bf4 Re4 32. Kg3 Nd4 33. gxf5 Ne2+ 34. Kf3 Rxf4+ 35. Kxe2 Rxf5 36. Ra7 Re5+ 37. Kf3 Rxh5 38. Rxa6 Rh3+ 39. Kg2 Rb3 40. a4 Rxb2 41. Rb6 b4 0-1

[Event "Sparkassen-Open A"]
[Site "Heusenstamm, Martinsee"]
[Date "2025.11.21"]
[Round "3.11"]
[White "Hinrichs, Paul"]
[Black "Marcziter, Dmitrii"]
[Result "1-0"]
[WhiteElo "2309"]
[BlackElo "2165"]
[PlyCount "75"]
[EventDate "2025.11.20"]
[WhiteTeam "Sfr.Heidesheim"]
[BlackTeam "Schachgemeinschaft Porz e. V."]

1. d4 Nf6 2. c4 g6 3. Nc3 Bg7 4. e4 d6 5. Nf3 O-O 6. Be2 Na6 7. O-O c5 8. d5 e6 9. h3 Re8 10. Bd3 Nc7 11. a4 exd5 12. cxd5 b6 13. Re1 Nd7 14. Bg5 Bf6 15. Bf4 Ne5 16. Bxe5 Bxe5 17. Nxe5 Rxe5 18. f4 Re8 19. Qf3 Ba6 20. Rad1 Bxd3 21. Rxd3 Na6 22. e5 Nb4 23. Rd2 f5 24. Nb5 dxe5 25. fxe5 a6 26. Nd6 Rf8 27. Ree2 Ra7 28. Nc4 b5 29. axb5 axb5 30. Na3 Qb6 31. d6 Rd7 32. Nxb5 Qxb5 33. e6 Rxd6 34. Rxd6 c4 35. Qc3 Ra8 36. Rd7 Ra1+ 37. Kh2 Qb8+ 38. g3 1-0